[Event "XX Festival A"]
[Site "Arco ITA"]
[Date "1998.10.??"]
[Round "2"]
[White "Ptaschinski, Dirk"]
[Black "Cacho Reigadas, Sergio"]
[Result "0-1"]
[WhiteElo "2205"]
[BlackElo "2425"]
[PlyCount "100"]
[EventDate "1998.10.24"]

1. d4 g6 2. Nf3 Bg7 3. c4 d6 4. Nc3 Nd7 5. e4 e5 6. Be2 Ngf6 7. O-O O-O 8. d5
Nc5 9. Qc2 a5 10. b3 Ne8 11. Bg5 f6 12. Be3 f5 13. a3 a4 14. b4 Nb3 15. Rad1
Bd7 16. Bg5 Bf6 17. Bh6 Bg7 18. Bg5 Bf6 19. Bh6 Rf7 20. exf5 gxf5 21. Nd2 Nd4
22. Qd3 Ng7 23. f4 e4 24. Qg3 Kh8 25. Bg5 c6 26. Ndb1 cxd5 27. cxd5 Nxe2+ 28.
Nxe2 Bb5 29. Rfe1 Bd3 30. Bxf6 Qxf6 31. Qe3 Rg8 32. Qd4 Qxd4+ 33. Nxd4 Rc7 34.
Rc1 Rgc8 35. Rxc7 Rxc7 36. Kf2 Kg8 37. g3 Rc4 38. Ne2 Bxe2 39. Rxe2 Nh5 40. Rd2
Rc1 41. Rb2 Nf6 42. Ke3 Nxd5+ 43. Kd4 Nc7 44. b5 Rd1+ 45. Kc4 Ne6 46. b6 d5+
47. Kb4 d4 48. Kxa4 Nc5+ 49. Kb5 Nd3 50. Rb3 e3 0-1

[Event "XX Festival A"]
[Site "Arco ITA"]
[Date "1998.10.??"]
[Round "2"]
[White "Rahls, Peter"]
[Black "Slobodjan, Roman"]
[Result "1/2-1/2"]
[WhiteElo "2205"]
[BlackElo "2575"]
[PlyCount "75"]
[EventDate "1998.10.24"]

1. e4 g6 2. Nc3 Bg7 3. g3 c5 4. Bg2 Nc6 5. d3 d6 6. Nge2 e6 7. O-O Nge7 8. Be3
Nd4 9. Qd2 O-O 10. f4 Rb8 11. Nd1 Nxe2+ 12. Qxe2 b5 13. g4 f5 14. e5 dxe5 15.
Bxc5 exf4 16. Bxa7 Bd4+ 17. Bxd4 Qxd4+ 18. Qf2 Qxf2+ 19. Nxf2 fxg4 20. Nxg4 g5
21. Be4 Kg7 22. b3 Nf5 23. a4 Nd4 24. axb5 Nxb5 25. Ra5 h5 26. Ne5 Kf6 27. Nc6
Rb6 28. h4 Rg8 29. Kh2 e5 30. hxg5+ Rxg5 31. d4 Bb7 32. dxe5+ Kg7 33. Rxf4 Bxc6
34. Bxc6 Rxc6 35. Rxb5 Rxc2+ 36. Kh3 Re2 37. Rb7+ Kh6 38. Rf6+ 1/2-1/2

[Event "XX Festival A"]
[Site "Arco ITA"]
[Date "1998.10.??"]
[Round "2"]
[White "Ricci, Alfredo"]
[Black "Niedermayr, Horst"]
[Result "0-1"]
[WhiteElo "1962"]
[BlackElo "2225"]
[PlyCount "80"]
[EventDate "1998.10.24"]

1. e4 d5 2. e5 c5 3. g3 Nc6 4. f4 Bf5 5. Bg2 e6 6. Nf3 Be7 7. Nc3 d4 8. Nb5 Nb4
9. Na3 Qd7 10. d3 h5 11. h3 Nd5 12. Qe2 Nh6 13. Nc4 O-O-O 14. a4 Bg6 15. Ng5
Bxg5 16. fxg5 Nf5 17. Qf2 Qc7 18. O-O Kb8 19. Bd2 Rd7 20. Qf3 h4 21. g4 Ng3 22.
Rfc1 Qd8 23. a5 a6 24. Ra3 Rf8 25. Nb6 Nxb6 26. axb6 Rd5 27. c4 dxc3 28. Rcxc3
Be4 29. Qf2 Bxg2 30. Kxg2 Ne4 31. Qe3 Nxc3 32. Rxc3 Qxb6 33. Bc1 Rfd8 34. Qf2
Qc6 35. Kh2 Rxd3 36. Rxc5 Rf3 37. Qc2 Qd7 38. g6 Qd4 39. Kg2 Rg3+ 40. Kh2 Qg1#
0-1

[Event "XX Festival A"]
[Site "Arco ITA"]
[Date "1998.10.??"]
[Round "2"]
[White "Ricci, Marco"]
[Black "Rossi, Carlo"]
[Result "0-1"]
[WhiteElo "2190"]
[BlackElo "2355"]
[PlyCount "58"]
[EventDate "1998.10.24"]

1. e4 Nf6 2. e5 Ng8 3. d4 d5 4. Bd3 c5 5. c3 Nc6 6. Ne2 Bg4 7. f3 Bd7 8. Be3
cxd4 9. Bxd4 f6 10. Qc2 Nh6 11. exf6 gxf6 12. Bxh7 e5 13. Bg6+ Nf7 14. Bf2 Ne7
15. Bd3 f5 16. Qd2 Bh6 17. Be3 f4 18. Bf2 e4 19. fxe4 f3 20. Nf4 fxg2 21. Rg1
Ng6 22. Be3 Nxf4 23. Bxf4 Qh4+ 24. Qf2 Qxf2+ 25. Kxf2 Bxf4 26. exd5 Ne5 27. Be2
Bh3 28. Na3 Bxh2 29. Rxg2 Rf8+ 0-1

[Event "XX Festival A"]
[Site "Arco ITA"]
[Date "1998.10.??"]
[Round "2"]
[White "Rotstein, Arkadij"]
[Black "Lanzani, Mario"]
[Result "0-1"]
[WhiteElo "2515"]
[BlackElo "2395"]
[PlyCount "80"]
[EventDate "1998.10.24"]

1. Nf3 Nf6 2. d4 g6 3. g3 Bg7 4. Bg2 O-O 5. O-O d6 6. Nc3 d5 7. Bf4 c6 8. Ne5
Nbd7 9. Qd2 Re8 10. a4 Nh5 11. a5 Nxe5 12. Bxe5 f6 13. Bf4 Nxf4 14. Qxf4 e5 15.
Qd2 exd4 16. Qxd4 f5 17. Qd3 Be6 18. e3 Qc7 19. Rfd1 Rad8 20. Ra4 Bf7 21. h4
Qe5 22. Rb4 Qe7 23. Ra4 Qe5 24. Qd2 Rd7 25. Bf3 Red8 26. Kg2 Qe7 27. Qd3 d4 28.
exd4 Bxd4 29. Qf1 Qc5 30. Ra3 Qb4 31. Na4 Bxb2 32. Rxd7 Rxd7 33. Rd3 Rxd3 34.
Qxd3 Qxa4 35. Qd8+ Kg7 36. h5 Qd4 37. h6+ Kxh6 38. Qf8+ Qg7 39. Qb4 g5 40. Qxb7
Bd5 0-1

[Event "XX Festival A"]
[Site "Arco ITA"]
[Date "1998.10.??"]
[Round "2"]
[White "Ruzzier, Dario"]
[Black "Crea, Vincenzo"]
[Result "1/2-1/2"]
[WhiteElo "2090"]
[BlackElo "2115"]
[PlyCount "81"]
[EventDate "1998.10.24"]

1. d4 d5 2. c4 c6 3. Nc3 Nf6 4. Nf3 a6 5. e3 Bg4 6. h3 Bxf3 7. Qxf3 e6 8. Bd3
Be7 9. O-O O-O 10. b3 Nbd7 11. Qg3 Nh5 12. Qg4 Nhf6 13. Qe2 b5 14. Bb2 Re8 15.
Rad1 b4 16. Nb1 a5 17. Nd2 Nf8 18. e4 dxe4 19. Nxe4 Nxe4 20. Bxe4 Rc8 21. Qf3
Qc7 22. d5 cxd5 23. cxd5 e5 24. Rc1 Qd6 25. Rc6 Rxc6 26. dxc6 g6 27. Rc1 Ne6
28. Qd3 Nf4 29. Qf1 Bd8 30. g3 Ne6 31. Qc4 Bc7 32. Bd5 Rd8 33. Bxe6 Qxe6 34.
Qxe6 fxe6 35. Kf1 Rd2 36. Ba1 Kf8 37. Re1 Rxa2 38. Bxe5 Bxe5 39. Rxe5 Ke7 40.
Rc5 Kd8 41. Re5 1/2-1/2

[Event "XX Festival A"]
[Site "Arco ITA"]
[Date "1998.10.??"]
[Round "2"]
[White "Schiappacasse, Marcello"]
[Black "Kloster, Josef"]
[Result "1/2-1/2"]
[WhiteElo "2095"]
[BlackElo "2165"]
[PlyCount "82"]
[EventDate "1998.10.24"]

1. e4 d5 2. exd5 Qxd5 3. Nc3 Qa5 4. d4 Nf6 5. Nf3 c6 6. Be2 Bf5 7. O-O e6 8.
Bf4 Nbd7 9. Nd2 Bg6 10. Nc4 Qf5 11. Bd6 Qxc2 12. Qe1 b5 13. Rc1 Qf5 14. Bxf8
Kxf8 15. Ne3 Qf4 16. Bf3 a6 17. Bxc6 Rd8 18. Ne2 Qd6 19. Qa5 Nb8 20. Rfd1 h6
21. Bf3 Kg8 22. Qc7 Kh7 23. Nf4 Qxc7 24. Rxc7 Rc8 25. Rdc1 Rxc7 26. Rxc7 Rd8
27. d5 e5 28. Nxg6 Kxg6 29. Bd1 Nxd5 30. Nxd5 Rxd5 31. Bb3 Rd7 32. Rc8 Rb7 33.
Bd5 Rb6 34. Rc7 f6 35. g3 Rd6 36. Bf7+ Kf5 37. Bh5 Rd7 38. Rc8 Rb7 39. Kg2 Ke6
40. h4 a5 41. Bf3 Rb6 1/2-1/2

[Event "XX Festival A"]
[Site "Arco ITA"]
[Date "1998.10.??"]
[Round "2"]
[White "Siegmund, Rainer"]
[Black "Cucinella, Vincenzo"]
[Result "1-0"]
[WhiteElo "2130"]
[BlackElo "2175"]
[PlyCount "75"]
[EventDate "1998.10.24"]

1. d4 Nf6 2. c4 g6 3. Nc3 Bg7 4. e4 d6 5. f4 O-O 6. Nf3 c5 7. d5 b5 8. cxb5 a6
9. a4 axb5 10. Bxb5 Ba6 11. Bd2 Qb6 12. a5 Qb7 13. Bxa6 Nxa6 14. O-O Rfb8 15.
Qe2 Nb4 16. Bc1 c4 17. Ne1 Qa6 18. Rf3 Nd7 19. Be3 Rb7 20. Ra3 Nd3 21. Nxd3
cxd3 22. Qd2 Rab8 23. Na4 Rb3 24. Nb6 Rxb2 25. Qxd3 Qxd3 26. Rxd3 Nc5 27. Bxc5
dxc5 28. e5 Ra2 29. Rc3 Rd2 30. Rfd3 Rb2 31. h3 g5 32. d6 exd6 33. exd6 Bd4+
34. Kh2 gxf4 35. d7 Rb1 36. Rxd4 cxd4 37. Nc8 Rc1 38. d8=Q+ 1-0

[Event "XX Festival A"]
[Site "Arco ITA"]
[Date "1998.10.??"]
[Round "2"]
[White "Timoscenko, Gennadij A."]
[Black "Naumkin, Igor"]
[Result "1-0"]
[WhiteElo "2470"]
[BlackElo "2475"]
[PlyCount "81"]
[EventDate "1998.10.24"]

1. d4 Nf6 2. c4 e6 3. Nf3 b6 4. a3 Bb7 5. Nc3 d5 6. Qc2 Be7 7. cxd5 exd5 8. Bf4
O-O 9. e3 c5 10. Bd3 Na6 11. O-O Nc7 12. Rad1 c4 13. Bf5 g6 14. Bh3 Bc8 15.
Bxc8 Rxc8 16. Ne5 Ne6 17. Bh6 Ng7 18. Qa4 Rc7 19. Nb5 Rb7 20. b3 cxb3 21. Qxb3
a6 22. Nc6 Qd7 23. Nxe7+ Qxe7 24. Nc3 Qe6 25. Rc1 Re8 26. h3 Nf5 27. Bf4 Ne7
28. Bg5 Kg7 29. Rc2 h6 30. Bxf6+ Qxf6 31. Rfc1 Rd7 32. Na4 Rd6 33. Rc7 Nf5 34.
Rb7 b5 35. Nc5 Qg5 36. Qd1 h5 37. Qf3 Rf8 38. Nd7 Rd8 39. Ne5 Rf6 40. Rcc7 Nd6
41. Nxf7 1-0

[Event "XX Festival A"]
[Site "Arco ITA"]
[Date "1998.10.??"]
[Round "2"]
[White "Zinani, Alessandro"]
[Black "Schumacher, Helmut"]
[Result "1/2-1/2"]
[WhiteElo "2145"]
[BlackElo "2185"]
[PlyCount "91"]
[EventDate "1998.10.24"]

1. d4 d5 2. Nf3 c6 3. c3 Bf5 4. Bf4 e6 5. Qb3 Qb6 6. Nbd2 Nd7 7. e3 h6 8. Be2
Ngf6 9. O-O Be7 10. Ne5 Nxe5 11. Bxe5 O-O 12. f3 c5 13. Qxb6 axb6 14. a3 Rac8
15. Kh1 Bg6 16. g4 Nd7 17. Bg3 f6 18. f4 f5 19. Bb5 Rfd8 20. Bd3 Bh7 21. h3 Nf6
22. Bh4 Rc7 23. Rg1 fxg4 24. Bxh7+ Kxh7 25. hxg4 g6 26. Rg2 b5 27. dxc5 Rxc5
28. Nb3 Rc6 29. Nd4 Rb6 30. Rf1 Re8 31. Rd1 Ne4 32. Bxe7 Rxe7 33. Kh2 Nd6 34.
Nb3 Nc4 35. Re2 Rf7 36. Kg2 Kg7 37. Rd4 Ra6 38. Kg3 Nd6 39. Nd2 Ra4 40. Rxa4
bxa4 41. e4 Rd7 42. exd5 exd5 43. Kf3 Kf6 44. Re5 Nf7 45. Re8 Rd8 46. Re2
1/2-1/2

[Event "XX Festival A"]
[Site "Arco ITA"]
[Date "1998.10.??"]
[Round "3"]
[White "Blum, Gernot"]
[Black "Tatai, Stefano"]
[Result "0-1"]
[WhiteElo "2135"]
[BlackElo "2395"]
[PlyCount "96"]
[EventDate "1998.10.24"]

1. c4 Nf6 2. Nf3 c5 3. Nc3 g6 4. e3 Bg7 5. d4 O-O 6. Be2 d6 7. O-O a6 8. Re1
Qc7 9. d5 e6 10. e4 exd5 11. exd5 Re8 12. h3 Nbd7 13. Bf4 Nf8 14. Bd3 Bd7 15.
Qd2 Nh5 16. Bh6 f5 17. Bxg7 Kxg7 18. Nh4 Rxe1+ 19. Rxe1 Qd8 20. Nf3 Qf6 21. a3
Re8 22. b4 Rxe1+ 23. Qxe1 Nf4 24. Bf1 b6 25. Qe3 g5 26. g3 Nxh3+ 27. Bxh3 f4
28. Qe1 Bxh3 29. Ne4 Qe7 30. Qc3+ Kh6 31. Nfxg5 Bf5 32. Nxd6 Bg6 33. Nc8 Qxg5
34. Nxb6 Be4 35. Kf1 Qh5 36. Ke1 Qh1+ 37. Ke2 Qh5+ 38. Kd2 Qh2 39. Ke2 Ng6 40.
bxc5 Bf5 41. Qf3 Qg1 42. Na4 Qb1 43. g4 Qc2+ 44. Ke1 Be4 45. Qh3+ Kg5 46. Nc3
Qc1+ 47. Nd1 Nh4 48. Qc3 Ng2+ 0-1

[Event "XX Festival A"]
[Site "Arco ITA"]
[Date "1998.10.??"]
[Round "3"]
[White "Cacho Reigadas, Sergio"]
[Black "Rossi, Carlo"]
[Result "1-0"]
[WhiteElo "2425"]
[BlackElo "2355"]
[PlyCount "69"]
[EventDate "1998.10.24"]

1. Nf3 d6 2. d4 Bg4 3. e4 Nf6 4. Nc3 Nc6 5. Be3 e6 6. h3 Bh5 7. d5 exd5 8. exd5
Ne7 9. g4 Bg6 10. Nd4 a6 11. Bg2 h5 12. f4 hxg4 13. hxg4 Rxh1+ 14. Bxh1 Nd7 15.
Qe2 Nb6 16. a4 Qd7 17. f5 Bh7 18. a5 Nbc8 19. O-O-O Na7 20. Bf3 O-O-O 21. Ne6
Nb5 22. Nxb5 fxe6 23. Na7+ Kb8 24. Nc6+ Nxc6 25. dxc6 Qe8 26. fxe6 Qg6 27. Rd3
Be7 28. Rb3 Bg5 29. Rxb7+ Kc8 30. Bxg5 Qxg5+ 31. Kb1 Qc5 32. e7 Qg1+ 33. Ka2
Bg8+ 34. b3 Re8 35. Qxa6 1-0

[Event "XX Festival A"]
[Site "Arco ITA"]
[Date "1998.10.??"]
[Round "3"]
[White "Crea, Vincenzo"]
[Black "Korte, Markus"]
[Result "0-1"]
[WhiteElo "2115"]
[BlackElo "2220"]
[PlyCount "58"]
[EventDate "1998.10.24"]

1. d4 Nf6 2. Nf3 d5 3. Bf4 Bf5 4. e3 e6 5. c4 Bxb1 6. Rxb1 Bb4+ 7. Ke2 O-O 8.
c5 c6 9. a3 Ba5 10. b4 Ne4 11. Qc2 Bc7 12. Bxc7 Qxc7 13. Ke1 Nd7 14. Bd3 f5 15.
Ke2 a6 16. Qb2 Rae8 17. Ne5 Nxe5 18. dxe5 f4 19. f3 fxe3 20. Bxe4 dxe4 21. Kxe3
exf3 22. gxf3 Qf7 23. Qe2 Qf4+ 24. Kf2 Rd8 25. Rbd1 Rxd1 26. Rxd1 Qxh2+ 27. Kf1
Qg3 28. Rd3 h5 29. Qe4 h4 0-1

[Event "XX Festival A"]
[Site "Arco ITA"]
[Date "1998.10.??"]
[Round "3"]
[White "Cucinella, Vincenzo"]
[Black "Carli, Carlo"]
[Result "1/2-1/2"]
[WhiteElo "2175"]
[BlackElo "1976"]
[PlyCount "113"]
[EventDate "1998.10.24"]

1. d4 Nf6 2. Nf3 c5 3. e3 e6 4. Bd3 d5 5. c3 Nc6 6. Nbd2 Be7 7. O-O Qc7 8. Qe2
Bd7 9. e4 dxe4 10. Nxe4 cxd4 11. cxd4 Nd5 12. Nc3 O-O 13. Nb5 Qd8 14. a3 a6 15.
Nc3 Bf6 16. Qe4 g6 17. Bh6 Re8 18. Nxd5 exd5 19. Qf4 Bg7 20. Bxg7 Kxg7 21. Ne5
Nxe5 22. dxe5 Qb6 23. b4 Re6 24. Rfe1 a5 25. b5 Rc8 26. a4 Rc3 27. Re3 Qc5 28.
Rf3 Be8 29. Rh3 h5 30. Qg5 Qe7 31. Qd2 Qb4 32. Qg5 Kf8 33. Qh6+ Ke7 34. Qg5+
Kd7 35. Qe3 Qc5 36. Qf4 Qb4 37. Qd2 Qc5 38. Rb1 Kd8 39. Rf3 Rxe5 40. Rf6 Qc7
41. b6 Qc5 42. Bf1 g5 43. h4 Rc2 44. Qd3 gxh4 45. Qh3 Qe7 46. Rf4 Bd7 47. Qb3
Rc6 48. Rd1 Rd6 49. Qc3 Bc6 50. Qxa5 Rf6 51. Qd2 h3 52. g3 Re4 53. Rxf6 Qxf6
54. Bxh3 Rxa4 55. Bg2 Ra1 56. Bxd5 Rxd1+ 57. Qxd1 1/2-1/2

[Event "XX Festival A"]
[Site "Arco ITA"]
[Date "1998.10.??"]
[Round "3"]
[White "Frank, Albert"]
[Black "Zinani, Alessandro"]
[Result "1-0"]
[WhiteElo "2020"]
[BlackElo "2145"]
[PlyCount "77"]
[EventDate "1998.10.24"]

1. e4 c6 2. d4 d5 3. Nc3 dxe4 4. Nxe4 Bf5 5. Ng3 Bg6 6. h4 h6 7. Nh3 Nf6 8. Nf4
Bh7 9. Bc4 e6 10. Be3 Bb4+ 11. c3 Bd6 12. Ngh5 O-O 13. g4 Nxh5 14. Nxh5 Be4 15.
f3 Bg6 16. Qd2 Kh7 17. O-O-O Nd7 18. Nxg7 Kxg7 19. Bxh6+ Kg8 20. h5 Bh7 21. g5
Bf5 22. g6 f6 23. Bf4 Nb6 24. Bb3 Nd5 25. Bxd6 Qxd6 26. Bxd5 cxd5 27. Rdg1 Rfc8
28. h6 Kf8 29. h7 Ke7 30. g7 Bxh7 31. Rxh7 Rg8 32. Qh6 Qa6 33. Qf4 Rac8 34. Qh6
f5 35. Re1 Rc6 36. Qg5+ Kd7 37. Rh8 Rcc8 38. Rxg8 Rxg8 39. Qf6 1-0

[Event "XX Festival A"]
[Site "Arco ITA"]
[Date "1998.10.??"]
[Round "3"]
[White "Godena, Michele"]
[Black "Lanzani, Mario"]
[Result "1-0"]
[WhiteElo "2510"]
[BlackElo "2395"]
[PlyCount "81"]
[EventDate "1998.10.24"]

1. e4 e6 2. d4 d5 3. Nd2 Nf6 4. e5 Nfd7 5. Bd3 c5 6. c3 Nc6 7. Ne2 cxd4 8. cxd4
f6 9. exf6 Qxf6 10. Nf3 h6 11. O-O Bd6 12. Be3 O-O 13. Rc1 Rd8 14. Bb5 Nb6 15.
Qd2 Nb4 16. Bf4 Nxa2 17. Ra1 Bxf4 18. Nxf4 Nb4 19. Nh5 Qg6 20. Nxg7 Nc6 21. Ra3
Rd7 22. Nxe6 Qxe6 23. Re1 Qf6 24. Re8+ Kf7 25. Rae3 Re7 26. Bxc6 Rxe3 27. Rxe3
bxc6 28. Ne5+ Kg8 29. Rf3 Qh4 30. Rg3+ Kh7 31. h3 Bf5 32. Rf3 Be4 33. Rf7+ Kg8
34. Rf4 Qe7 35. f3 Bh7 36. Rg4+ Kh8 37. Qxh6 Rg8 38. Ng6+ Rxg6 39. Rxg6 Nc4 40.
Re6 Qf7 41. Rf6 1-0

[Event "XX Festival A"]
[Site "Arco ITA"]
[Date "1998.10.??"]
[Round "3"]
[White "Heinlein, Reinhold"]
[Black "Ortega, Lexy"]
[Result "0-1"]
[WhiteElo "2080"]
[BlackElo "2490"]
[PlyCount "60"]
[EventDate "1998.10.24"]

1. d4 d5 2. Nf3 c6 3. e3 Nf6 4. Bd3 Bg4 5. Nbd2 Nbd7 6. c4 e6 7. O-O Be7 8. Qb3
Rb8 9. Re1 Qa5 10. Qc2 O-O 11. h3 Bh5 12. g4 Bg6 13. e4 Bb4 14. Re2 c5 15. e5
Ne4 16. Nxe4 dxe4 17. Bxe4 cxd4 18. Bxg6 hxg6 19. Bf4 Rbc8 20. Nxd4 a6 21. a3
Be7 22. b3 b5 23. b4 Qd8 24. Rd1 Rxc4 25. Qd2 Nb6 26. Bg3 Nd5 27. Ree1 Nc3 28.
Rc1 Bg5 29. f4 Rxd4 30. Qxc3 Rd3 0-1

[Event "XX Festival A"]
[Site "Arco ITA"]
[Date "1998.10.??"]
[Round "3"]
[White "Kloster, Josef"]
[Black "Casagrande, Fabio"]
[Result "1/2-1/2"]
[WhiteElo "2165"]
[BlackElo "2050"]
[PlyCount "51"]
[EventDate "1998.10.24"]

1. e4 e6 2. d4 d5 3. exd5 exd5 4. c4 c6 5. Nc3 Nf6 6. Nf3 Be7 7. Be2 Bg4 8. Qb3
b6 9. h3 Be6 10. Be3 dxc4 11. Bxc4 Nd5 12. O-O O-O 13. Nxd5 Bxd5 14. Bxd5 Qxd5
15. Qxd5 cxd5 16. Rfc1 Na6 17. Rc3 f6 18. a3 Rac8 19. Rac1 Rxc3 20. Rxc3 Bd6
21. Rc6 Rd8 22. Kf1 Kf7 23. Ke2 Ke7 24. Ne1 Kd7 25. Rc3 Nc7 26. Nd3 1/2-1/2

[Event "XX Festival A"]
[Site "Arco ITA"]
[Date "1998.10.??"]
[Round "3"]
[White "Lovati, Paolo"]
[Black "Schiappacasse, Marcello"]
[Result "1-0"]
[WhiteElo "2050"]
[BlackElo "2095"]
[PlyCount "65"]
[EventDate "1998.10.24"]

1. c4 e5 2. Nc3 Nc6 3. g3 g6 4. Bg2 Bg7 5. e3 Nge7 6. Nge2 O-O 7. O-O d6 8. Rb1
Be6 9. Nd5 Rb8 10. d3 Qd7 11. Re1 Nd8 12. b4 c6 13. Nxe7+ Qxe7 14. Nc3 Qd7 15.
b5 cxb5 16. cxb5 f5 17. d4 e4 18. f3 Rc8 19. Bd2 d5 20. b6 axb6 21. Na4 Qf7 22.
Bb4 Re8 23. Nxb6 Rc6 24. Bc5 Rxc5 25. dxc5 Nc6 26. fxe4 dxe4 27. Bf1 Bxa2 28.
Qa4 Ne5 29. Ra1 Nf3+ 30. Kh1 Bxa1 31. Rxa1 Be6 32. Rd1 Bb3 33. Qa1 $139 1-0

[Event "XX Festival A"]
[Site "Arco ITA"]
[Date "1998.10.??"]
[Round "3"]
[White "Minerva, Enzo"]
[Black "Dalponte, Dino"]
[Result "1-0"]
[WhiteElo "2135"]
[BlackElo "2180"]
[PlyCount "119"]
[EventDate "1998.10.24"]

1. e4 e6 2. d3 d5 3. Nd2 Bc5 4. Ngf3 c6 5. b3 Qb6 6. Qe2 Nf6 7. h3 dxe4 8. dxe4
O-O 9. Bb2 Nbd7 10. e5 Nd5 11. Ne4 f5 12. Nxc5 Nxc5 13. Bd4 Qb4+ 14. Qd2 Ne4
15. a3 Nxd2 16. axb4 Nxf3+ 17. gxf3 Nxb4 18. O-O-O b6 19. Bb2 c5 20. Bc4 Kf7
21. Rd6 Re8 22. Rhd1 Ba6 23. Rd7+ Re7 24. Bxa6 Nxa6 25. c3 Rc8 26. Kc2 Nb8 27.
Rxe7+ Kxe7 28. Rd6 Rd8 29. Rxd8 Kxd8 30. Kd3 Kd7 31. b4 cxb4 32. cxb4 Kc6 33.
Kc4 b5+ 34. Kd4 Kb6 35. f4 Nc6+ 36. Kc3 a5 37. bxa5+ Kxa5 38. Kb3 Kb6 39. Kc3
Kc5 40. Bc1 b4+ 41. Kd3 Kb5 42. h4 g6 43. Bb2 Na5 44. Kd4 Nc4 45. Bc1 b3 46.
Kc3 b2 47. Bxb2 Nxb2 48. Kxb2 Kc4 49. Ka3 Kd4 50. Kb4 Ke4 51. Kc5 Kxf4 52. Kd6
g5 53. hxg5 Kxg5 54. Kxe6 h5 55. Kf7 h4 56. e6 h3 57. e7 h2 58. e8=Q h1=Q 59.
Qg8+ Kf4 60. Qb8+ 1-0

[Event "XX Festival A"]
[Site "Arco ITA"]
[Date "1998.10.??"]
[Round "3"]
[White "Naumkin, Igor"]
[Black "Ptaschinski, Dirk"]
[Result "1-0"]
[WhiteElo "2475"]
[BlackElo "2205"]
[PlyCount "57"]
[EventDate "1998.10.24"]

1. d4 g6 2. c4 Bg7 3. Nc3 d6 4. e4 e5 5. d5 Nd7 6. Nf3 Ngf6 7. Be2 O-O 8. O-O
Nc5 9. Qc2 a5 10. Bg5 h6 11. Be3 Ne8 12. Nd2 f5 13. exf5 gxf5 14. f4 e4 15. b3
Qf6 16. Rac1 Qxc3 17. Qxc3 Bxc3 18. Rxc3 b6 19. Bd4 Nf6 20. Rfc1 Bd7 21. Nf1
Be8 22. Rh3 Kh7 23. Rcc3 Ncd7 24. Rh4 Bg6 25. Rg3 Ng8 26. Ne3 Rad8 27. Bh5 Ne7
28. Rgh3 Rg8 29. Bd1 1-0

[Event "XX Festival A"]
[Site "Arco ITA"]
[Date "1998.10.??"]
[Round "3"]
[White "Niedermayr, Horst"]
[Black "Khenkin, Igor"]
[Result "0-1"]
[WhiteElo "2225"]
[BlackElo "2600"]
[PlyCount "62"]
[EventDate "1998.10.24"]

1. e4 c6 2. d3 d5 3. Nd2 g6 4. Ngf3 Bg7 5. g3 e5 6. Bg2 Ne7 7. O-O O-O 8. Re1
d4 9. Nc4 b5 10. Ncd2 Nd7 11. a4 Nb6 12. a5 Nd7 13. b4 c5 14. bxc5 Nxc5 15. Nb3
Na4 16. Bd2 Nc6 17. Qb1 Qd6 18. h3 Rd8 19. Kh2 Bd7 20. Ng1 Nc3 21. Bxc3 dxc3
22. Ne2 Rac8 23. Rd1 b4 24. Qa2 Be6 25. Rdb1 a6 26. Qa4 Rb8 27. Kg1 Rb5 28.
Nec1 Bh6 29. Bf1 Bxc1 30. Rxc1 Bxb3 31. Qxb3 Nd4 0-1

[Event "XX Festival A"]
[Site "Arco ITA"]
[Date "1998.10.??"]
[Round "3"]
[White "Prelati, Maurizio"]
[Black "Rotstein, Arkadij"]
[Result "0-1"]
[WhiteElo "2140"]
[BlackElo "2515"]
[PlyCount "71"]
[EventDate "1998.10.24"]

1. e4 c5 2. d4 cxd4 3. c3 Nf6 4. e5 Nd5 5. Nf3 e6 6. cxd4 d6 7. Bb5+ Bd7 8.
Bxd7+ Nxd7 9. O-O Be7 10. Bd2 N7b6 11. Ba5 O-O 12. Qb3 Qd7 13. Na3 Rfc8 14.
Bxb6 Nxb6 15. Rad1 Qa4 16. Nb5 dxe5 17. dxe5 Qxb3 18. axb3 Rc2 19. Rd2 Rxd2 20.
Nxd2 Rd8 21. Nf3 a6 22. Nc3 h5 23. Rd1 Rxd1+ 24. Nxd1 Nd7 25. Kf1 g5 26. Ke2 g4
27. Nd2 Nxe5 28. Nc4 Nc6 29. Kd3 b5 30. Nb6 Kf8 31. Na8 Bd6 32. g3 Ke7 33. Nc3
f5 34. Ne2 Kd7 35. Nf4 Bxf4 36. gxf4 0-1

[Event "XX Festival A"]
[Site "Arco ITA"]
[Date "1998.10.??"]
[Round "3"]
[White "Rahls, Peter"]
[Black "Luciani, Carlo"]
[Result "1-0"]
[WhiteElo "2205"]
[BlackElo "2240"]
[PlyCount "135"]
[EventDate "1998.10.24"]

1. e4 e5 2. Nc3 Bc5 3. g3 Nc6 4. Bg2 a6 5. d3 d6 6. Nge2 h5 7. h4 Nge7 8. Nd5
Nxd5 9. exd5 Ne7 10. d4 exd4 11. Nxd4 Nf5 12. Nxf5 Bxf5 13. O-O O-O 14. Qxh5
Bxc2 15. Be3 b6 16. Rac1 Bh7 17. Bd2 a5 18. Bc3 Qd7 19. Rfe1 Rae8 20. a3 a4 21.
Rxe8 Rxe8 22. Qg5 Bg6 23. g4 Re2 24. Rf1 Qe7 25. Qxe7 Rxe7 26. Bf3 Bd3 27. Rd1
Bc4 28. Kg2 f6 29. Kg3 Kf7 30. h5 Bb3 31. Rh1 Bc2 32. h6 gxh6 33. Rxh6 Bg6 34.
Rh8 b5 35. Rc8 Bb6 36. Rd8 Bd3 37. g5 fxg5 38. Bh5+ Bg6 39. Bg4 Re4 40. Be6+
Rxe6 41. dxe6+ Kxe6 42. Rg8 Bf5 43. Rxg5 d5 44. Kf4 Bc2 45. f3 c5 46. Rh5 Bg6
47. Rg5 Bc2 48. Rh5 Bg6 49. Rh6 Kf7 50. Ke5 d4 51. Bd2 Bd8 52. Kd5 Be7 53. Rh8
c4 54. Rb8 Bd3 55. Rb7 c3 56. bxc3 Be2 57. Ke4 Ke8 58. cxd4 Bxa3 59. d5 Bd6 60.
Bc3 a3 61. Kf5 Bxf3 62. Rxb5 Kd7 63. Ra5 Bc7 64. Ra7 Kc8 65. Be5 Bb6 66. Ra8+
Kb7 67. Rxa3 Bxd5 68. Bd6 1-0

[Event "XX Festival A"]
[Site "Arco ITA"]
[Date "1998.10.??"]
[Round "3"]
[White "Schumacher, Helmut"]
[Black "Lantini, Marco"]
[Result "0-1"]
[WhiteElo "2185"]
[BlackElo "2145"]
[PlyCount "52"]
[EventDate "1998.10.24"]

1. d4 Nf6 2. Nc3 d5 3. Bg5 Nbd7 4. Nf3 g6 5. e3 Bg7 6. Bd3 O-O 7. O-O c5 8. Re1
b6 9. e4 dxe4 10. Nxe4 cxd4 11. Nxd4 Bb7 12. c3 Nc5 13. Nxc5 bxc5 14. Nf3 Rb8
15. Rb1 Qc7 16. Qe2 Nd5 17. Be4 e6 18. c4 Ba6 19. Bh4 Rb4 20. Bxd5 exd5 21. Qe7
Qxe7 22. Bxe7 dxc4 23. Bxf8 Kxf8 24. Ne5 Bxe5 25. Rxe5 c3 26. Rxc5 Bd3 0-1

[Event "XX Festival A"]
[Site "Arco ITA"]
[Date "1998.10.??"]
[Round "3"]
[White "Schweiger, Georg"]
[Black "Garbisu De Goni, Unai"]
[Result "0-1"]
[WhiteElo "2220"]
[BlackElo "2395"]
[PlyCount "120"]
[EventDate "1998.10.24"]

1. e4 e5 2. Nc3 Nf6 3. g3 Nc6 4. Bg2 d6 5. Nf3 g6 6. d3 Bg7 7. O-O O-O 8. h3
Re8 9. Be3 a6 10. Qd2 Nd7 11. Nd5 Nc5 12. Nh2 Be6 13. Ng4 Bxd5 14. exd5 Nd4 15.
Bxd4 exd4 16. Rae1 Qd7 17. b3 Qf5 18. Rxe8+ Rxe8 19. Re1 Rxe1+ 20. Qxe1 Kf8 21.
Qe2 h5 22. Nh2 Nd7 23. Qf3 Qg5 24. Qf4 Qxf4 25. gxf4 b5 26. Nf3 Bf6 27. Nd2 Nb6
28. Nf1 h4 29. Nd2 Bg7 30. a4 bxa4 31. bxa4 Nxa4 32. Nb3 f5 33. Kf1 Nc5 34. Na5
Bh6 35. Nc6 Bxf4 36. Nxd4 Be5 37. Nc6 Bf6 38. d4 Ne4 39. Ke1 Bg5 40. Bf1 Nc3
41. Bxa6 Nxd5 42. Bf1 Nc3 43. Nb4 Ke8 44. Bg2 Bf6 45. d5 Bd4 46. Nd3 g5 47. Bf3
Ke7 48. Kf1 Kf6 49. Kg2 Kg6 50. Nb4 Ne4 51. Nd3 Bc3 52. Nc1 Nf6 53. Ne2 Be5 54.
Kf1 g4 55. Bh1 Kg5 56. hxg4 fxg4 57. c4 Kf5 58. Nc1 Ne4 59. Ke2 h3 60. Kf1 g3
0-1

[Event "XX Festival A"]
[Site "Arco ITA"]
[Date "1998.10.??"]
[Round "3"]
[White "Siegmund, Rainer"]
[Black "Mahn, Franko"]
[Result "1/2-1/2"]
[WhiteElo "2130"]
[BlackElo "2205"]
[PlyCount "101"]
[EventDate "1998.10.24"]

1. d4 Nf6 2. c4 c5 3. d5 b5 4. cxb5 a6 5. bxa6 Bxa6 6. Nc3 g6 7. Nf3 Bg7 8. e4
Bxf1 9. Kxf1 d6 10. g3 Nbd7 11. h3 O-O 12. Kg2 Qa5 13. Re1 Rfb8 14. Re2 Ne8 15.
Rc2 Rb4 16. Qe2 Qa6 17. a3 Qxe2 18. Rxe2 Nc7 19. Bf4 Rb3 20. e5 dxe5 21. Nxe5
g5 22. Nxd7 gxf4 23. Nxc5 Rxb2 24. Rxb2 Bxc3 25. Rb7 Bxa1 26. Rxc7 Be5 27. Rb7
fxg3 28. fxg3 Rxa3 29. Nb3 Bd6 30. Rb5 Kg7 31. Kf3 Kf6 32. g4 Kg5 33. Ke4 Kh4
34. Nd4 Kxh3 35. Nf5 Kxg4 36. Nh6+ Kg3 37. Nxf7 Ra4+ 38. Kd3 Ra6 39. Rb7 Bc5
40. Ke4 h5 41. Ne5 Ra3 42. Rb5 Re3+ 43. Kf5 Bd4 44. Ng6 Bf6 45. d6 Rf3+ 46. Ke4
exd6 47. Rxh5 Ra3 48. Rd5 Ra4+ 49. Kf5 Rd4 50. Ke6 Rxd5 51. Kxd5 1/2-1/2